LEADER 00901nam 2200301 450 001 9910133134403321 005 20160621164936.0 010 $a88-596-0024-3 035 $a(CKB)3400000000017869 035 $a(ItFiC)it 06931252 035 $a(EXLCZ)993400000000017869 100 $a20090207d2006 uy 0 101 0 $aita 200 10$aQuello che non so dimenticare$b[electronic resource] /$fSisino 210 $aFirenze $cPolistampa$d2006 215 $a255 p. $cill 300 $aDiary publ. for the first time. 300 $aAuthor's name on t.p.: Sisino. 606 $aWorld War, 1939-1945$vPersonal narratives, Italian 615 0$aWorld War, 1939-1945 676 $a940 700 $aPaloscia$b Tommaso$f1918-2005.$0454206 801 0$bItFiC 801 1$bItFiC 906 $aBOOK 912 $a9910133134403321 996 $aQuello che non so dimenticare$92433335 997 $aUNINA